• 首页
  • 本馆介绍
  • 公告通知
  • 最新文献
  • 馆藏检索
  • 电子资源
  • 读者导购
  • 参考咨询
  • 我的图书馆
  • 登录
  • 详细信息显示
  • 放入我的书架
  • 预约/预借图书
  • 作者相关作品
  • 分类相关作品
  • 丛书相关作品
  • 出版社相关作品

书目信息

  • 表格格式
  • 工作单格式
  • 卡片格式
题名:
歌唱发音的科学基础
    
 
作者: 林俊卿 著
分册:  
出版信息:    1962
页数: 226页
开本: 20cm
丛书名:
单 册:
中图分类: J616.1
科图分类:
主题词: 发声法
电子资源:
ISBN:
000 00476nam0 2200181 45
001 0312221749
005 20051213082103.29
010    @dCNY1.35
100    @a20031222d1962 km y0chiy0120 ea
101    @achi
200 1  @a歌唱发音的科学基础@AGe Chang Fa Yin De Ke Xue Ji Chu@f林俊卿著@FLin Jun Qing Zhu
210    @d1962
215    @a226页@c图@d20cm
606 0  @a发声法
690    @aJ616.1@v3
701 0  @a林俊卿@4著
801    @aCN@bTSTCL@c20051213
905    @dJ616.1@e53@f1@b207235
    
    歌唱发音的科学基础/林俊卿著.-1962
    226页:图;20cm
    
    
    ISBN :CNY1.35
    
●
相关链接 在E读中查询图书 在五车中查询图书 在当当中查询图书 在豆瓣中查询图书


正题名:歌唱发音的科学基础     索取号:J616.1/53         预约/预借

序号 登录号 条形码 馆藏地/架位号 状态 备注
1 0207233   000574694   第一借阅区/ [索取号:J616.1/53] 在馆    
2 0207234   202165806   密集书库/ [索取号:J616.1/53] 在馆    
3 0207235   000574701   第一借阅区/ [索取号:J616.1/53] 在馆    
唐山师范学院图书馆 欢迎您!
大连网信软件有限公司© 版权所有